8 Scenes, 1 Movie! VIII Quiz Stats

 Plays Quiz Updated Mar 21, 2017

Support Sporcle.
Go Orange.
Score 0/25 Timer 10:00
2 Plays Today
% Correct
Spider-Man
96.9%
Charlie and the Chocolate Factory
88.7%
Inside Out
84.8%
Ghostbusters
81.7%
Back to the Future Part II
75.6%
Casablanca
69.8%
Groundhog Day
68.8%
Suicide Squad
66.5%
Man of Steel
62%
Misery
58%
The Truman Show
57.9%
Fantastic Mr. Fox
57%
Armageddon
56.9%
% Correct
Scarface
56.6%
Indiana Jones and the Last Crusade
49.9%
The Big Lebowski
47.7%
Underworld
46.3%
Batman & Robin
44.2%
Labyrinth
43.8%
Cowboys & Aliens
41.6%
Silver Linings Playbook
39.1%
Man on the Moon
34.7%
Drive
26.1%
127 Hours
23.3%
Noah
14.6%

You're not logged in!

Compare scores with friends on all Sporcle quizzes.
OR
Log In
Forgot?

From the Vault

Animated Show by Voice Actors

by triviahappy

We wonder just how much voice actors resemble their cartoon counterparts.
Remove Ads.
Support Sporcle.
Get the best of Sporcle when you Go Orange. This ad-free experience offers more features, more stats, and more fun while also helping to support Sporcle. Thank you for becoming a member.

Show Comments

Extras

Top Quizzes Today


Score Distribution

Your Account Isn't Verified!

In order to create a playlist on Sporcle, you need to verify the email address you used during registration. Go to your Sporcle Settings to finish the process.

Report this User

Report this user for behavior that violates our Community Guidelines.

Details: